Le langage des fleurs - 3 - - Statistiques

Statistiques générales
  • Ce quiz a été pris 11 fois
  • Le résultat moyen est 2 sur 15
Statistiques - réponses
Hint Réponse % Correct
Lys Pureté
50%
Immortelle Regrets éternels
50%
Impatiens Impatience
30%
Lilas blanc Annonce de fiançailles
20%
Iris mauve Désir de séduction
20%
Jacinthe blanche Discrétion
20%
Lilas mauve Annonce de mariage
10%
Jacinthe rose Bonheur
10%
Lupin Imagination
10%
Lavande Tendresse
10%
Iris bleu Amour tendre
0%
Iris jaune Bonheur d'aimer
0%
Iris blanc Confiance dans l'amour de l'autre
0%
Jonquille sauvage Désir
0%
Jacinthe bleue Espoir d'amour
0%
Aucun quiz correspondant
Distribution des résultats
% des personnes avec chaque résultat
Percentile par nombre de réponses
Votre historique - résultats
Vous n’avez pas pris ce quiz